LIBRARY & INFORMATION CENTRE, KCAET, TAVANUR

ONLINE PUBLIC ACCESS CATALOGUE (OPAC)

Hydraulic turbines : Their design and equipment / (Record no. 1834)

MARC details
000 -LEADER
fixed length control field 00395cam a2200145ua 4500
041 ## - LANGUAGE CODE
Language code of text/sound track or separate title eng
082 ## - DEWEY DECIMAL CLASSIFICATION NUMBER
Classification number 621.165
Item number NEC/HY
100 ## - MAIN ENTRY--AUTHOR NAME
Personal name Nechleba, Miroslav .
245 ## - TITLE STATEMENT
Title Hydraulic turbines : Their design and equipment /
260 ## - PUBLICATION, DISTRIBUTION, ETC. (IMPRINT)
Place of publication :
Name of publisher Constable and Company Ltd ,
Year of publication 1957.
300 ## - PHYSICAL DESCRIPTION
Number of Pages 636 ; .
942 ## - ADDED ENTRY ELEMENTS (KOHA)
Koha item type Books
Holdings
Withdrawn status Lost status Damaged status Home library Current library Date acquired Full call number Accession Number Koha item type
      KAUAET KAUAET 07/04/2012 621.165 3545 Books
free website counter